Восприятие этикета в русской и китайской культуре; Трансформация научных парадигм и коммуникативные практики в информационном социуме

Chi tiết về thư mục
Parent link:Трансформация научных парадигм и коммуникативные практики в информационном социуме.— 2008.— С. 144-147
Tác giả chính: Лю Сяолинь
Tác giả khác: Тюрина И. И. Ирина Ивановна
Ngôn ngữ:Tiếng Nga
Được phát hành: 2008
Những chủ đề:
Định dạng: Chương của sách
KOHA link:https://koha.lib.tpu.ru/cgi-bin/koha/opac-detail.pl?biblionumber=165394

MARC

LEADER 00000naa2a2200000 4500
001 165394
005 20231031161726.0
035 |a (RuTPU)RU\TPU\book\179419 
090 |a 165394 
100 |a 20090917d2008 k y0rusy50 ca 
101 0 |a rus 
102 |a RU 
200 1 |a Восприятие этикета в русской и китайской культуре  |f Лю Сяолинь, И. И. Тюрина 
463 0 |0 (RuTPU)RU\TPU\book\167187  |t Трансформация научных парадигм и коммуникативные практики в информационном социуме  |o сборник научных трудов I Всероссийской научно-практической конференции, Томск, 20-21 октября 2008 г.  |f Томский политехнический университет (ТПУ)  |v С. 144-147  |d 2008  |p 327 с. 
610 1 |a этикет 
610 1 |a китайцы 
610 1 |a русские 
610 1 |a культура 
610 1 |a национальные культуры 
610 1 |a обращение 
610 1 |a благодарность 
610 1 |a социальные исследования 
610 1 |a труды учёных ТПУ 
700 0 |a Лю Сяолинь 
701 1 |a Тюрина  |b И. И.  |c доцент  |c кафедра русского языка как иностранного Томского политехнического университета  |g Ирина Ивановна  |2 stltpush  |3 (RuTPU)RU\TPU\pers\24688 
801 1 |a RU  |b 63413507  |c 20090917 
942 |c BK